Normal view
MARC view
- اشوريون- تاريخ، سومريون- تارسخ، بابليون- تاريخ
Entry Topical Term
001 - CONTROL NUMBER
- control field: 8879
003 - CONTROL NUMBER IDENTIFIER
- control field: JO-AjAnu
005 - DATE AND TIME OF LATEST TRANSACTION
- control field: 20230606071730.0
008 - FIXED-LENGTH DATA ELEMENTS
- fixed length control field: 230606|| aca||aabn | a|a d
040 ## - CATALOGING SOURCE
- Original cataloging agency: JO-AjAnu
- Transcribing agency: JO-AjAnu
150 ## - HEADING--TOPICAL TERM
- Topical term or geographic name entry element: اشوريون- تاريخ، سومريون- تارسخ، بابليون- تاريخ
670 ## - SOURCE DATA FOUND
- Source citation: Work cat.: (JO-AjAnu)4581: تاليف بورث، ديلا .ل؛ مراجعة أبو بكر، عبد المنعم, author 8878, بلاد ما بين النهرين: الحضارتان البابلبة والاشورية